000
00247nam a2200097Ia 4500
001
797528
005
20250826170809.0
008
250824s9999 xx 000 0 und d
245
0
_a
BEN HEP KAYBETTİM
_c
MEHMET ALİ KILINÇ
260
_b
DESTEK YAYINLARI
999
_c
797528
_d
797528